<?xml version='1.0' encoding='UTF-8'?>
  <record xmlns="http://www.loc.gov/MARC21/slim">
    <leader>00000cem a22000007i 4500</leader>
    <controlfield tag="001">ocn980447383</controlfield>
    <controlfield tag="003">OCoLC</controlfield>
    <controlfield tag="005">20240401200410.0</controlfield>
    <controlfield tag="008">991018m19671994ne        u     0   dut d</controlfield>
    <datafield tag="040" ind1=" " ind2=" ">
      <subfield code="a">QGJ</subfield>
      <subfield code="b">dut</subfield>
      <subfield code="c">QGJ</subfield>
      <subfield code="d">OCLCQ</subfield>
    </datafield>
    <datafield tag="035" ind1=" " ind2=" ">
      <subfield code="a">(OCoLC)980447383</subfield>
    </datafield>
    <datafield tag="245" ind1="0" ind2="0">
      <subfield code="a">Geomorfologische kaart van Nederland 1:50.000 /</subfield>
      <subfield code="c">Stichting voor Bodemkartering ; Rijks Geologische Dienst.</subfield>
    </datafield>
    <datafield tag="255" ind1=" " ind2=" ">
      <subfield code="a">1:50.000.</subfield>
      <subfield code="c">(O 003 15 - O 007 10/ N 053 25 - N 050 45).</subfield>
    </datafield>
    <datafield tag="264" ind1=" " ind2="1">
      <subfield code="a">Wageningen [etc.] :</subfield>
      <subfield code="b">Stichting voor Bodemkartering [etc.],</subfield>
      <subfield code="c">1967-1994.</subfield>
    </datafield>
    <datafield tag="300" ind1=" " ind2=" ">
      <subfield code="a">1 krtser. in 48 bl. :</subfield>
      <subfield code="b">in kleur ;</subfield>
      <subfield code="c">Formaat varieert</subfield>
    </datafield>
    <datafield tag="336" ind1=" " ind2=" ">
      <subfield code="a">cartografische afbeelding</subfield>
      <subfield code="b">cri</subfield>
      <subfield code="2">rdacontent/dut</subfield>
    </datafield>
    <datafield tag="337" ind1=" " ind2=" ">
      <subfield code="a">zonder medium</subfield>
      <subfield code="b">n</subfield>
      <subfield code="2">rdamedia/dut</subfield>
    </datafield>
    <datafield tag="338" ind1=" " ind2=" ">
      <subfield code="a">vel</subfield>
      <subfield code="b">nb</subfield>
      <subfield code="2">rdacarrier/dut</subfield>
    </datafield>
    <datafield tag="500" ind1=" " ind2=" ">
      <subfield code="a">Zie: 'Toelichting op de legenda Geomorfologische kaart van Nederland schaal 1:50.000', 1977; Cate, J.A.M. ten en Heerema, J.P., 'De kartografische vormgeving van de geomorfologische kaart en legenda', in: 'Kartografisch Tijdschrift' 2 (1976) 1, p. 11-15.</subfield>
    </datafield>
    <datafield tag="500" ind1=" " ind2=" ">
      <subfield code="a">Sommige kaartbladen zijn vergezeld van een aparte toelichting.</subfield>
    </datafield>
    <datafield tag="562" ind1=" " ind2=" ">
      <subfield code="a">Voor de aanwezige kaartbladen en jaren zie de gelabelde delen.</subfield>
      <subfield code="5">NL-UtRU</subfield>
    </datafield>
    <datafield tag="562" ind1=" " ind2=" ">
      <subfield code="a">Serie compleet aanwezig voor zover verschenen (van bijna alle gedrukte bladen 2 exemplaren).</subfield>
      <subfield code="5">NL-UtRU</subfield>
    </datafield>
    <datafield tag="710" ind1="2" ind2=" ">
      <subfield code="a">Stichting voor Bodemkartering (Wageningen)</subfield>
    </datafield>
    <datafield tag="710" ind1="2" ind2=" ">
      <subfield code="a">Rijks Geologische Dienst.</subfield>
    </datafield>
    <datafield tag="710" ind1="2" ind2=" ">
      <subfield code="a">Nederlandse Vereniging voor Kartografie.</subfield>
      <subfield code="e">former owner</subfield>
      <subfield code="4">fmo</subfield>
      <subfield code="5">NL-UtRU</subfield>
      <subfield code="g">Ex. NVK blad 31, 32.</subfield>
    </datafield>
    <datafield tag="856" ind1="4" ind2="1">
      <subfield code="u">http://objects.library.uu.nl/reader/resolver.php?obj=002039400&amp;type=2</subfield>
      <subfield code="x">Online</subfield>
      <subfield code="z">Full text</subfield>
    </datafield>
    <datafield tag="936" ind1=" " ind2=" ">
      <subfield code="a">BATCHLOAD</subfield>
    </datafield>
  </record>